000 00254nam a2200109Ia 4500
008 220204s9999 xx 000 0 und d
082 _a82-3
_bCOL
100 _aCollins, Jackie
245 0 _aHollywood wives
260 _aCalcutta
_bRupa
_c1983
942 _cBK
999 _c38575
_d38575